Truman / (Record no. 956)

000 -LEADER
fixed length control field 01309nam a22003497a 4500
001 - CONTROL NUMBER
control field 1086351
003 - CONTROL NUMBER IDENTIFIER
control field OSt
005 - DATE AND TIME OF LATEST TRANSACTION
control field 20210426111239.0
008 - FIXED-LENGTH DATA ELEMENTS--GENERAL INFORMATION
fixed length control field 920212s1992 nyua b 001 0beng
010 ## - LIBRARY OF CONGRESS CONTROL NUMBER
LC control number 92005245
020 ## - INTERNATIONAL STANDARD BOOK NUMBER
International Standard Book Number 0671456547 :
Terms of availability $30.00
040 ## - CATALOGING SOURCE
Original cataloging agency DLC
Transcribing agency DLC
Modifying agency DLC
043 ## - GEOGRAPHIC AREA CODE
Geographic area code n-us---
050 00 - LIBRARY OF CONGRESS CALL NUMBER
Classification number E814
Item number .M26 1992
080 ## - UNIVERSAL DECIMAL CLASSIFICATION NUMBER
Universal Decimal Classification number 92
Item number M-44
082 00 - DEWEY DECIMAL CLASSIFICATION NUMBER
Classification number 973.918/092
-- B
Edition number 20
100 1# - MAIN ENTRY--PERSONAL NAME
Personal name McCullough, David G.
245 10 - TITLE STATEMENT
Title Truman /
Statement of responsibility, etc. David McCullough.
260 ## - PUBLICATION, DISTRIBUTION, ETC.
Place of publication, distribution, etc. New York :
Name of publisher, distributor, etc. Simon & Schuster,
Date of publication, distribution, etc. c1992.
300 ## - PHYSICAL DESCRIPTION
Extent 1117 p. :
Other physical details ill. ;
Dimensions 25 cm.
365 ## - TRADE PRICE
Price note 30.00 USD
504 ## - BIBLIOGRAPHY, ETC. NOTE
Bibliography, etc. note Includes bibliographical references (p. 1058-1082) and index.
600 10 - SUBJECT ADDED ENTRY--PERSONAL NAME
Personal name Truman, Harry S.,
Dates associated with a name 1884-1972.
650 #0 - SUBJECT ADDED ENTRY--TOPICAL TERM
Topical term or geographic name entry element Presidents
Geographic subdivision United States
Form subdivision Biography.
653 ## - INDEX TERM--UNCONTROLLED
Uncontrolled term ბიოგრაფია
856 42 - ELECTRONIC LOCATION AND ACCESS
Materials specified Contributor biographical information
Uniform Resource Identifier <a href="http://www.loc.gov/catdir/enhancements/fy0903/92005245-b.html">http://www.loc.gov/catdir/enhancements/fy0903/92005245-b.html</a>
856 42 - ELECTRONIC LOCATION AND ACCESS
Materials specified Publisher description
Uniform Resource Identifier <a href="http://www.loc.gov/catdir/enhancements/fy1106/92005245-d.html">http://www.loc.gov/catdir/enhancements/fy1106/92005245-d.html</a>
856 41 - ELECTRONIC LOCATION AND ACCESS
Materials specified Sample text
Uniform Resource Identifier <a href="http://www.loc.gov/catdir/enhancements/fy1304/92005245-s.html">http://www.loc.gov/catdir/enhancements/fy1304/92005245-s.html</a>
906 ## - LOCAL DATA ELEMENT F, LDF (RLIN)
a 7
b cbc
c orignew
d 1
e ocip
f 19
g y-gencatlg
942 ## - ADDED ENTRY ELEMENTS (KOHA)
Source of classification or shelving scheme
Koha item type Books
Holdings
Withdrawn status Lost status Source of classification or shelving scheme Damaged status Not for loan Permanent location Current location Date acquired Inventory number Total Checkouts Full call number Barcode Date last seen Price effective from Koha item type
          Ken Walker International University Ken Walker International University 01/27/2021 2437   92 M-44 2437 01/27/2021 01/27/2021 Books

Powered by Koha